[Event "Chigorin Memorial Open"]
[Site "St Petersburg RUS"]
[Date "2011.10.21"]
[Round "8.103"]
[White "Mitiushkin, Marat"]
[Black "Paravyan, David"]
[Result "1-0"]
[WhiteElo "1995"]
[BlackElo "2192"]
[WhiteFideId "4141849"]
[BlackFideId "4194985"]
[EventDate "2011.10.14"]

1. d4 Nf6 2. c4 g6 3. Nc3 d5 4. cxd5 Nxd5 5. Bd2 Bg7 6. e4 Nb6 7. Be3 O-O 8. Nf3
Bg4 9. Be2 Nc6 10. d5 Bxf3 11. gxf3 Ne5 12. Qb3 c6 13. f4 Ned7 14. dxc6 bxc6 15.
e5 Rb8 16. Qa3 Nd5 17. O-O-O Qc7 18. Kb1 N7b6 19. Rc1 Nxc3+ 20. Rxc3 Nd5 21. Rc4
Qd7 22. Rhc1 Qh3 23. Bc5 Qf5+ 24. Bd3 Qh3 25. Be4 Nxf4 26. Qxh3 Nxh3 27. Bxa7
Rb5 28. Bd4 Bxe5 29. Bxc6 Ra5 30. b4 Rb8 31. Bxe5 Rxe5 32. R1c2 Rf5 33. f3 Ng5
34. R2c3 Rf6 35. a3 e5 36. Re3 Rb6 37. Bd5 Rbd6 38. Rc5 Rf5 39. Kb2 Ne6 40. Bxe6
Rxe6 41. Kb3 Kf8 42. a4 Ke7 43. a5 e4 44. Rcc3 exf3 45. Rxf3 Rxf3 46. Rxf3 f5
47. b5 Kd7 48. Rc3 Re1 49. b6 f4 50. Rc7+ Ke6 51. Kc4 f3 52. Rc6+ Ke7 53. Rc7+
Kf6 54. Rc6+ Kg5 55. h4+ Kf5 56. Rc7 Kf6 57. Rc6+ Ke7 58. Rc7+ Ke6 59. Rc6+ Ke5
60. b7 Re4+ 61. Kb3 Re3+ 62. Kb4 Re4+ 63. Kb5 f2 64. b8=Q+ Kd4 65. Qb6+ Kd3 1-0

[Event "Chigorin Memorial Open"]
[Site "St Petersburg RUS"]
[Date "2011.10.21"]
[Round "8.104"]
[White "Gorozhankina, Julia"]
[Black "Shmoilov, Dmitry"]
[Result "1/2-1/2"]
[WhiteTitle "WFM"]
[WhiteElo "2140"]
[BlackElo "1998"]
[WhiteFideId "4199650"]
[BlackFideId "24160342"]
[EventDate "2011.10.14"]

1. e4 c5 2. Nf3 g6 3. d4 Bg7 4. c3 cxd4 5. cxd4 d5 6. e5 Nc6 7. h3 f6 8. exf6
Nxf6 9. Nc3 O-O 10. Be3 Kh8 11. Be2 Be6 12. O-O Bg8 13. Bd3 Nh5 14. Ne2 Rxf3 15.
gxf3 e5 16. Qd2 exd4 17. Bg5 Qd7 18. Kg2 Rf8 19. Ng3 Be6 20. Rh1 Qf7 21. Be2 Ne5
22. Nxh5 Nxf3 23. Qf4 Nxg5 24. Qxf7 Rxf7 25. Nxg7 Kxg7 26. h4 Ne4 27. f3 Nd6 28.
Rad1 Nf5 29. Kf2 Kf6 30. Rd2 Ke5 31. h5 g5 32. Rg1 Ne3 33. Rxg5+ Kf4 34. Rg1 Ke5
35. Rg5+ Kf4 36. Rg3 Ke5 37. Ke1 Kf4 38. Rg1 Ke5 39. Rh1 Rf4 40. Rh2 a6 41. b3
Bf7 42. Rh1 Ng2+ 43. Kf2 Nh4 44. h6 Bg6 45. Rh3 Bf5 46. Rg3 Ng6 47. Bd3 Be4 48.
Ke2 Rh4 49. fxe4 dxe4 50. Bxe4 Kxe4 51. Kd1 Nf4 52. Kc2 Rxh6 53. Rf2 d3+ 54. Kd2
Rh4 55. Re3+ Kd4 1/2-1/2

[Event "Chigorin Memorial Open"]
[Site "St Petersburg RUS"]
[Date "2011.10.21"]
[Round "8.107"]
[White "Egorov, Daniil"]
[Black "Androsov, Sergey"]
[Result "0-1"]
[WhiteElo "1826"]
[BlackElo "2088"]
[WhiteFideId "24171956"]
[BlackFideId "4102681"]
[EventDate "2011.10.14"]

1. e4 e5 2. Nc3 Nf6 3. Nf3 Nc6 4. d4 exd4 5. Nxd4 Nxd4 6. Qxd4 d6 7. f3 Be7 8.
Be3 O-O 9. O-O-O Be6 10. g4 c6 11. h4 Nd7 12. g5 b5 13. Kb1 Qa5 14. b3 b4 15.
Ne2 c5 16. Qd2 Rab8 17. Nf4 Rb6 18. Nxe6 fxe6 19. f4 d5 20. h5 Rd6 21. Qc1 Nb6
22. Be2 dxe4 23. Rxd6 Bxd6 24. h6 Nd5 25. Qb2 Rf7 26. Bc4 Qc7 27. Bxd5 exd5 28.
hxg7 d4 29. Bxd4 cxd4 30. Qxd4 Rxg7 31. Qxe4 Qe7 32. Qa8+ Kf7 33. Qd5+ Kf8 34.
Qa8+ Qe8 35. Qf3 Re7 36. Rh6 Qb8 37. Rf6+ Kg7 38. Qd5 Bxf4 39. Re6 Rxe6 40. Qd7+
Kf8 41. Qxe6 Qd6 42. Qg4 Kg7 43. Qh5 Qe7 44. a4 Bxg5 45. Qg4 h6 46. Qd4+ Bf6 47.
Qg4+ Kh8 48. Qc8+ Qd8 49. Qg4 Qd4 50. Qc8+ Kh7 51. Qf5+ Kg7 52. c3 bxc3 53. Qf3
Qg1+ 54. Kc2 Qh2+ 55. Kd3 Qd2+ 56. Kc4 c2 57. Qb7+ Kh8 58. Qb8+ Qd8 59. Qf4
c1=Q+ 0-1

[Event "Chigorin Memorial Open"]
[Site "St Petersburg RUS"]
[Date "2011.10.21"]
[Round "8.108"]
[White "Lagashin, Pavel"]
[Black "Puzko, Danila"]
[Result "0-1"]
[WhiteElo "2140"]
[BlackElo "1955"]
[WhiteFideId "24132144"]
[BlackFideId "24153745"]
[EventDate "2011.10.14"]

1. d4 Nf6 2. c4 c5 3. d5 b5 4. cxb5 a6 5. bxa6 Bxa6 6. Nc3 g6 7. g3 d6 8. Bg2
Bg7 9. Nf3 O-O 10. O-O Nbd7 11. Rb1 Ng4 12. Qc2 Qb6 13. Bd2 Rfb8 14. b3 Nge5 15.
Ne1 Qa7 16. a4 Rb7 17. h3 Rab8 18. Kh2 Nf6 19. f4 Ned7 20. Nd3 Ne8 21. Rfe1 Nc7
22. Na2 Nb6 23. e4 c4 24. Ndb4 cxb3 25. Rxb3 Bc4 26. Ra3 Nb5 27. Rae3 Nd4 28.
Qd1 Qxa4 29. Qxa4 Nxa4 30. Ra3 Bxa2 31. Rxa4 Bb3 32. Ra3 Rxb4 33. Bxb4 Rxb4 34.
Ra8+ Bf8 35. e5 dxe5 36. Rxe5 Kg7 37. h4 h5 38. d6 exd6 39. Ree8 Ne6 40. Bh3 Bd5
41. Rac8 Rb1 42. g4 hxg4 43. Bxg4 Rh1+ 44. Kg3 Rg1+ 45. Kh3 Nxf4+ 46. Kh2 Rg2+
47. Kh1 Rxg4+ 0-1

[Event "Chigorin Memorial Open"]
[Site "St Petersburg RUS"]
[Date "2011.10.21"]
[Round "8.109"]
[White "Andronov, Ilya"]
[Black "Platonova, Lubov"]
[Result "1-0"]
[WhiteElo "2129"]
[BlackElo "1901"]
[WhiteFideId "24142239"]
[BlackFideId "4178769"]
[EventDate "2011.10.14"]

1. e4 c5 2. Nf3 d6 3. d4 cxd4 4. Nxd4 Nf6 5. Nc3 g6 6. Be2 Bg7 7. O-O O-O 8. Re1
Nc6 9. Nb3 Be6 10. Bf1 Rc8 11. Nd5 Ne5 12. Bg5 Bxd5 13. exd5 Re8 14. h3 Qc7 15.
c3 Nc4 16. Rb1 Qd7 17. Bxf6 Bxf6 18. Nd4 a6 19. b3 Nb6 20. c4 Qc7 21. a4 Nd7 22.
Nf3 a5 23. h4 Qc5 24. g3 Ne5 25. Bh3 Rc7 26. Kg2 Nxf3 27. Qxf3 b6 28. h5 g5 29.
h6 Qd4 30. Re4 Qc3 31. Qxc3 Bxc3 32. Rg4 Kh8 33. Rxg5 e6 34. Rd1 Bf6 35. Rh5 e5
36. Rf5 Bd8 37. Rd3 Rce7 38. Rf6 Bc7 39. Rdf3 Kg8 40. R3f5 e4 41. Rg5+ Kh8 42.
Rg7 Rf8 43. Bf5 Bd8 44. Rxh7+ Kg8 45. Rg7+ Kh8 46. Rxd6 Re5 47. Rxf7 Rxf5 48.
Rxf5 1-0

[Event "Chigorin Memorial Open"]
[Site "St Petersburg RUS"]
[Date "2011.10.21"]
[Round "8.110"]
[White "Kostyuchenko, Vladimir"]
[Black "Fokin, Anatoly"]
[Result "1/2-1/2"]
[WhiteElo "2107"]
[BlackElo "1858"]
[WhiteFideId "4126084"]
[BlackFideId "24124451"]
[EventDate "2011.10.14"]

1. d4 Nf6 2. c4 e6 3. Nc3 Bb4 4. Qc2 b6 5. Bg5 Bb7 6. a3 Bxc3+ 7. Qxc3 h6 8. Bf4
Ne4 9. Qd3 f5 10. f3 Nf6 11. Nh3 O-O 12. e3 d6 13. Bg3 Qd7 14. Be2 Nc6 15. Rd1
Ne7 16. O-O a5 17. Qc2 Qe8 18. Bd3 g5 19. Be1 d5 20. Bg3 Qd7 21. Be5 Rac8 22.
Bxf6 Rxf6 23. c5 Bc6 24. Nf2 Ng6 25. cxb6 cxb6 26. Rc1 Rff8 27. Ba6 Bb7 28. Qd3
Kg7 29. Qb5 Qxb5 30. Bxb5 Rfd8 31. Nd3 Kf6 32. g3 e5 33. dxe5+ Nxe5 34. Nxe5
Kxe5 35. f4+ Ke6 36. fxg5 hxg5 37. Bd3 Rf8 38. Rxc8 Bxc8 39. Rc1 Kd6 40. Bb5 Bb7
41. Rf1 Ke5 42. Bd3 Bc6 43. Rc1 Rf6 44. Bf1 f4 45. exf4+ gxf4 46. Bg2 Kd6 47.
Rf1 Ke5 48. Rxf4 Rxf4 49. gxf4+ Kxf4 50. Kf2 Ke5 51. h4 Be8 52. Ke3 d4+ 53. Kd2
Bg6 54. Bf3 Kf4 55. h5 Bh7 56. Bd5 Ke5 57. Bf7 Kf6 58. Bc4 Kg5 59. Bd3 Bg8 60.
Bg6 Bc4 61. Ke1 Be6 62. Ke2 Bc4+ 1/2-1/2

[Event "Chigorin Memorial Open"]
[Site "St Petersburg RUS"]
[Date "2011.10.21"]
[Round "8.111"]
[White "Kantyshev, Nikita"]
[Black "Gumirov, Konstantin L"]
[Result "1/2-1/2"]
[WhiteElo "1833"]
[BlackElo "2057"]
[WhiteFideId "4186737"]
[BlackFideId "4125061"]
[EventDate "2011.10.14"]

1. e4 e5 2. Nc3 Bc5 3. Bc4 d6 4. h3 a6 5. a4 Qh4 6. Qf3 Nf6 7. Qg3 Qxg3 8. fxg3
O-O 9. d3 Be6 10. Bxe6 fxe6 11. Nf3 Nc6 12. Bg5 h6 13. Bxf6 Rxf6 14. Ke2 Rd8 15.
g4 d5 16. Rhf1 Bb4 17. Na2 Ba5 18. c3 b5 19. axb5 axb5 20. h4 dxe4 21. dxe4 Rf4
22. g5 Rg4 23. Nb4 Rxe4+ 24. Kf2 Bb6+ 25. Kg3 Nxb4 26. cxb4 Rxb4 27. Nxe5 Rxb2
28. Rfd1 Re8 29. Rd7 Rb3+ 30. Kg4 1/2-1/2

[Event "Chigorin Memorial Open"]
[Site "St Petersburg RUS"]
[Date "2011.10.21"]
[Round "8.112"]
[White "Bondarev, Ivan"]
[Black "Sokolova, Vera"]
[Result "1/2-1/2"]
[BlackTitle "WFM"]
[WhiteElo "1892"]
[BlackElo "2052"]
[WhiteFideId "4185110"]
[BlackFideId "24120200"]
[EventDate "2011.10.14"]

1. e4 c5 2. Nf3 Nc6 3. Bb5 g6 4. O-O Bg7 5. Re1 e5 6. b4 Nxb4 7. Bb2 a6 8. Bf1
Nc6 9. c3 Qb6 10. Na3 Nge7 11. Nc4 Qc7 12. d4 cxd4 13. cxd4 exd4 14. Ba3 O-O 15.
Rc1 b5 16. Nd6 Qa5 17. Bc5 d3 18. Qxd3 Qxa2 19. Rc2 Qe6 20. Rd1 Ne5 21. Nxe5
Bxe5 22. Nxc8 Rfxc8 23. Qxd7 Qxd7 24. Rxd7 Nc6 25. Be3 Nb4 26. Rcd2 Rc7 27. Rd8+
Rxd8 28. Rxd8+ Kg7 29. f4 Nc2 30. fxe5 Nxe3 31. Be2 Rc2 32. Bf3 g5 33. h3 h5 34.
Bxh5 Rxg2+ 35. Kh1 Rg3 36. Be2 Rxh3+ 37. Kg1 Nc4 38. Kf2 Nxe5 39. Ra8 Nd3+ 40.
Bxd3 Rxd3 41. Rxa6 Rb3 42. e5 b4 43. Rb6 Rb1 44. e6 fxe6 45. Rxe6 b3 46. Rb6 b2
47. Kg2 g4 48. Kh2 g3+ 49. Kg2 Kf7 50. Rb8 Ke7 51. Rb5 Kd6 52. Rb8 Kc7 53. Rb3
Kc6 54. Rb8 Kd6 55. Rb5 Ke6 56. Rb8 Ke5 57. Re8+ Kd6 58. Rb8 Kc6 59. Rb3 Kc5 60.
Rb8 Kd5 61. Rd8+ Kc4 62. Rc8+ Kb3 63. Rb8+ Ka4 64. Ra8+ Kb4 65. Rb8+ Kc5 66.
Rc8+ Kb5 67. Rb8+ Kc6 68. Rb3 1/2-1/2

[Event "Chigorin Memorial Open"]
[Site "St Petersburg RUS"]
[Date "2011.10.21"]
[Round "8.113"]
[White "Skafar, Darya"]
[Black "Dushin, Nikolay"]
[Result "1/2-1/2"]
[WhiteElo "1735"]
[BlackElo "1993"]
[WhiteFideId "24167169"]
[BlackFideId "4114612"]
[EventDate "2011.10.14"]

1. e4 c6 2. d4 d5 3. Nc3 dxe4 4. Nxe4 Nd7 5. Nf3 Ngf6 6. Neg5 e6 7. Bd3 Bd6 8.
O-O h6 9. Ne4 Nxe4 10. Bxe4 Qc7 11. c4 Nf6 12. Bc2 b6 13. h3 Bb7 14. Qe2 Rd8 15.
Rd1 Kf8 16. a3 c5 17. dxc5 bxc5 18. b4 Ke7 19. b5 Rd7 20. Bb2 Rhd8 21. Ne5 Bxe5
22. Bxe5 Qa5 23. Bxf6+ Kxf6 24. Qe3 Rd4 25. Rxd4 Rxd4 26. Bb3 e5 27. f3 Qd8 28.
Qe1 g5 29. Rd1 h5 30. Kh1 h4 31. a4 Rxd1 32. Qxd1 Qxd1+ 33. Bxd1 Kf5 34. Kg1 Kf4
35. Kf2 f5 36. a5 a6 37. b6 Bc6 38. Be2 Bb7 39. Bd1 Bc6 40. Be2 Ba8 41. Bd1 Bc6
42. Be2 1/2-1/2

[Event "Chigorin Memorial Open"]
[Site "St Petersburg RUS"]
[Date "2011.10.21"]
[Round "8.114"]
[White "Klepikov, Nikita"]
[Black "Chernyak, Viktoria"]
[Result "0-1"]
[WhiteElo "1992"]
[BlackElo "1808"]
[WhiteFideId "24145220"]
[BlackFideId "24165956"]
[EventDate "2011.10.14"]

1. e4 c5 2. Nf3 e6 3. d4 cxd4 4. Nxd4 d6 5. Nc3 Nc6 6. Be3 Nf6 7. Be2 Be7 8. O-O
Bd7 9. Qd2 a6 10. a4 O-O 11. f4 Rc8 12. Nb3 Nb4 13. Bf3 a5 14. Qf2 Bc6 15. Bb6
Qe8 16. Nxa5 d5 17. Nxc6 Qxc6 18. exd5 Nfxd5 19. Nxd5 exd5 20. Rfd1 Qxc2 21.
Bxd5 Nxd5 22. Rxd5 Qc6 23. Rd2 Rfe8 24. a5 Qb5 25. Rad1 Bb4 26. Rd5 Qc6 27. Qd4
Be7 28. Qd3 h6 29. Qf5 Bf6 30. b3 Qc3 31. Bf2 Qxb3 32. R5d3 Qc2 33. h3 Re2 34.
R3d2 Qxf5 0-1

[Event "Chigorin Memorial Open"]
[Site "St Petersburg RUS"]
[Date "2011.10.21"]
[Round "8.115"]
[White "Nezbailo, Dmitry"]
[Black "Gudkina, Zhanna"]
[Result "0-1"]
[WhiteElo "1966"]
[BlackElo "1781"]
[WhiteFideId "4199057"]
[BlackFideId "24102318"]
[EventDate "2011.10.14"]

1. d4 d5 2. Nf3 Nf6 3. e3 c6 4. c4 Bf5 5. Nc3 e6 6. a3 Nbd7 7. Be2 Be7 8. O-O
O-O 9. cxd5 cxd5 10. b4 a6 11. Bb2 Bd6 12. Na4 Qc7 13. Rc1 Qb8 14. Nc5 Nxc5 15.
dxc5 Bc7 16. Re1 Ne4 17. a4 Bg4 18. h3 Bg3 19. fxg3 Qxg3 20. Qd4 Qf2+ 21. Kh1 f6
22. hxg4 Ng3+ 23. Kh2 Nxe2 24. Qd2 Qg3+ 25. Kh1 Nxc1 26. Rxc1 Qxg4 27. Qd4 Qh5+
28. Kg1 Qe8 29. Ra1 Qc6 30. Qd2 e5 31. a5 Rad8 32. Rd1 Rfe8 33. Nh4 Qe6 34. Qe2
Rc8 35. Qf3 Red8 36. Nf5 Rc6 37. Nd6 Rdxd6 38. cxd6 Rxd6 39. Qh3 Qxh3 40. gxh3
Kf7 41. Kf2 Ke6 42. Rc1 Rc6 43. Rxc6+ bxc6 44. Kf3 Kf5 45. Bc3 h5 46. Be1 g5 47.
e4+ dxe4+ 48. Ke3 Ke6 49. Kxe4 f5+ 50. Kd3 Kd5 51. Bd2 f4 52. Be1 g4 53. hxg4
hxg4 54. Bc3 g3 55. Ke2 e4 56. Bf6 f3+ 57. Ke1 g2 58. Kf2 e3+ 59. Kg1 Ke4 60.
Bh4 Kd3 61. Bg5 Ke2 62. Bh4 f2+ 63. Bxf2 exf2+ 64. Kxg2 f1=Q+ 65. Kh2 Kf3 66. b5
Qg2# 0-1

[Event "Chigorin Memorial Open"]
[Site "St Petersburg RUS"]
[Date "2011.10.21"]
[Round "8.116"]
[White "Kondratiev, Denis"]
[Black "Rybakova, Polina"]
[Result "0-1"]
[WhiteElo "1960"]
[BlackElo "1743"]
[WhiteFideId "4181220"]
[BlackFideId "24178829"]
[EventDate "2011.10.14"]

1. e4 c5 2. Nf3 d6 3. d4 cxd4 4. Qxd4 Nc6 5. Bb5 Bd7 6. Bxc6 Bxc6 7. Nc3 Nf6 8.
Bg5 e5 9. Qd3 h6 10. Bh4 g5 11. Bg3 Qb6 12. O-O-O O-O-O 13. Nd5 Nxd5 14. exd5
Bd7 15. Nxe5 dxe5 16. Bxe5 Rg8 17. Qc3+ Qc5 18. Qb3 Bb5 19. a4 Bc4 20. Qg3 f5
21. Qf3 f4 22. Qg4+ Rd7 23. b4 Qe7 24. Bc3 Bg7 25. Rhe1 Qf7 26. d6 h5 27. Qf3 g4
28. Qe4 Bxc3 0-1

[Event "Chigorin Memorial Open"]
[Site "St Petersburg RUS"]
[Date "2011.10.21"]
[Round "8.117"]
[White "Bezulenko, Evgeny"]
[Black "Lysukha, Nikita"]
[Result "1-0"]
[WhiteElo "1953"]
[BlackElo "1683"]
[WhiteFideId "24105996"]
[BlackFideId "24177610"]
[EventDate "2011.10.14"]

1. f4 d5 2. Nf3 g6 3. d4 Bg7 4. e3 Nf6 5. Bd3 O-O 6. O-O c5 7. c3 b6 8. Ne5 Ba6
9. Bxa6 Nxa6 10. Qa4 Nb8 11. Nd2 Nfd7 12. Ndf3 f6 13. Nc6 Nxc6 14. Qxc6 Nb8 15.
Qe6+ Rf7 16. dxc5 bxc5 17. Rd1 Qd7 18. Qxd5 e6 19. Qxd7 Rxd7 20. Rxd7 Nxd7 21.
e4 Kf7 22. Be3 Bf8 23. Rd1 Ke8 24. Kf2 Rd8 25. e5 fxe5 26. fxe5 h6 27. h4 Nb6
28. Rxd8+ Kxd8 29. b3 Kc7 30. c4 Kc6 31. Ne1 Nd7 32. Nd3 Bg7 33. Bf4 Bf8 34. Kf3
h5 35. Ke4 Kc7 36. Be3 Kc6 37. Nf4 Bg7 38. Nxg6 Kb6 39. b4 Kc6 40. Ne7+ Kc7 41.
bxc5 Bf8 42. Ng6 Bxc5 43. Bxc5 Nxc5+ 44. Kd4 Nd7 45. Nf4 Nf8 46. Nxh5 Ng6 47. g3
Kc6 48. Nf4 Nf8 49. h5 Kd7 50. c5 Kc6 51. Kc4 a6 52. h6 Kd7 53. g4 Ke7 54. g5
Kf7 55. c6 Ke7 56. g6 Nxg6 57. Nxg6+ Kf7 58. Nf4 a5 59. c7 1-0

[Event "Chigorin Memorial Open"]
[Site "St Petersburg RUS"]
[Date "2011.10.21"]
[Round "8.119"]
[White "Evsyukov, Aleksey"]
[Black "Dzhavathanov, Magomed"]
[Result "1-0"]
[WhiteElo "1902"]
[BlackElo "1793"]
[WhiteFideId "24159557"]
[BlackFideId "24106020"]
[EventDate "2011.10.14"]

1. e4 d6 2. d4 g6 3. Nc3 Bg7 4. f4 Nd7 5. Nf3 c6 6. Be2 Qb6 7. e5 d5 8. O-O Nf8
9. Na4 Qd8 10. Be3 h5 11. c4 e6 12. cxd5 exd5 13. b4 a6 14. Nc3 b5 15. a4 Bd7
16. Bd3 Nh6 17. Qc2 Nf5 18. Bf2 Bh6 19. axb5 axb5 20. Rxa8 Qxa8 21. Ng5 h4 22.
Ne2 Qa3 23. Bxf5 gxf5 24. Bxh4 Ng6 25. Be1 Nxf4 26. Nxf4 Bxg5 27. Bc3 Qa8 28.
Ne2 Be3+ 29. Kh1 Qd8 30. Be1 Qg5 31. Bg3 Qh6 32. Ra1 O-O 33. Rf1 Ra8 34. Qb2 Kg7
35. Bf4 Bxf4 36. Nxf4 Qh4 37. g3 Qe7 38. Nd3 f4 39. Rxf4 Bh3 40. Rf6 Qa7 41. Kg1
Qa4 42. Qc1 Qa1 43. Qxa1 Rxa1+ 44. Kf2 Ra2+ 45. Ke3 Ra3 46. Rf2 Kg6 47. Rd2 Bf5
48. Ke2 Rb3 49. Nf4+ Kg5 50. Nd3 Kg4 51. Nf2+ Kg5 52. Nd3 Be4 53. Nc5 Rxb4 54.
Nxe4+ dxe4 55. Ke3 Kf5 56. Rf2+ Ke6 57. Rf6+ Kd7 58. Rxf7+ Ke6 59. Rf6+ Kd7 60.
Rf4 Rb2 61. Kxe4 Rxh2 62. Rf3 Ke6 63. Rf6+ Kd7 64. Kd3 Rg2 65. Rd6+ Kc7 66. Rg6
Rg1 67. g4 Rg3+ 68. Kc2 b4 69. Rg7+ Kc8 70. g5 Rc3+ 71. Kd2 Rc4 72. Rf7 Rxd4+
73. Ke3 Rg4 74. Rf5 c5 75. e6 c4 76. Rd5 Rg1 77. Ke2 Rh1 78. e7 Rh8 79. g6 Re8
80. Rd8+ Rxd8 81. exd8=Q+ 1-0

[Event "Chigorin Memorial Open"]
[Site "St Petersburg RUS"]
[Date "2011.10.21"]
[Round "8.120"]
[White "Sladkov, Andrey"]
[Black "Shagdurov, Denis"]
[Result "1/2-1/2"]
[WhiteElo "1885"]
[BlackElo "1789"]
[WhiteFideId "24160350"]
[BlackFideId "24136735"]
[EventDate "2011.10.14"]

1. e4 c6 2. d4 d5 3. Nd2 dxe4 4. Nxe4 Nf6 5. Bd3 Nxe4 6. Bxe4 Nd7 7. c3 Nf6 8.
Bf3 Bf5 9. Ne2 e6 10. O-O Bd6 11. Bf4 O-O 12. Bxd6 Qxd6 13. Ng3 Bg6 14. Qe2 Rfe8
15. Rfe1 Rad8 16. Rad1 h6 17. Nf1 Qc7 18. Ne3 Kf8 19. Nc4 Nd7 20. Be4 Bf5 21.
Bxf5 exf5 22. Qc2 g6 23. Qd2 Kg7 24. Rxe8 Rxe8 25. Re1 Qb8 26. g3 Nf6 27. f3 Nd5
28. Kf2 f4 29. Rxe8 Qxe8 30. Qe2 fxg3+ 31. hxg3 Qd7 32. Kg2 h5 33. Qe4 g5 34.
Ne5 Qe6 35. Nc4 Qd7 36. Ne5 Qe6 37. Nc4 Nc7 38. Qe5+ Kg6 39. Qe4+ Kg7 40. b3
Qxe4 41. fxe4 Nb5 42. Na5 Nxc3 43. Nxb7 Nxe4 44. Na5 c5 45. dxc5 Nxc5 46. Nc6 a6
47. b4 Nd7 48. Kf3 f5 49. Ke3 Kf6 50. Nd4 Nb6 51. Kd3 Nd5 52. a3 f4 53. gxf4
Nxf4+ 54. Ke4 Ne6 55. Ne2 Nc7 56. a4 g4 57. Nc3 Kg5 58. b5 axb5 59. axb5 h4 60.
b6 Na6 61. Ke3 Nb8 62. Ne4+ Kf5 63. b7 1/2-1/2

[Event "Chigorin Memorial Open"]
[Site "St Petersburg RUS"]
[Date "2011.10.21"]
[Round "8.121"]
[White "Startsev, Andrei"]
[Black "Popov, Artemiy"]
[Result "1-0"]
[WhiteElo "1867"]
[BlackElo "1649"]
[WhiteFideId "24101850"]
[BlackFideId "24136727"]
[EventDate "2011.10.14"]

1. d4 Nf6 2. c4 e6 3. Nc3 Bb4 4. Qc2 c5 5. e3 Nc6 6. Nf3 d5 7. a3 cxd4 8. exd4
Be7 9. Be3 O-O 10. Rd1 b6 11. cxd5 Nxd5 12. Nxd5 Qxd5 13. Bc4 Qa5+ 14. Bd2 Qh5
15. Be2 Bb7 16. O-O Rac8 17. Qb3 Bd6 18. h3 Rfd8 19. Rfe1 Qg6 20. Bc3 Ne7 21.
Bd3 Nf5 22. Be4 Bxe4 23. Rxe4 Ne7 24. Rg4 Qf5 25. Rg5 Qf4 26. d5 e5 27. Bxe5
Bxe5 28. Rxe5 Ng6 29. Re2 Rd6 30. Nd4 Rcd8 31. Nc6 Ra8 32. Rde1 h6 33. Qd3 Kh7
34. g3 Qg5 35. Ne5 Rf8 36. h4 Qf6 37. h5 Rfd8 38. hxg6+ fxg6 39. Rd1 Kg8 40. Nc4
Rxd5 41. Qxd5+ Rxd5 42. Rxd5 g5 43. Re8+ Kh7 44. Rdd8 Qf5 45. Ne5 1-0

[Event "Chigorin Memorial Open"]
[Site "St Petersburg RUS"]
[Date "2011.10.21"]
[Round "8.122"]
[White "Edilsultanova, Zalina"]
[Black "Trofimchuk, Vladimir"]
[Result "1-0"]
[WhiteElo "1621"]
[BlackElo "1857"]
[WhiteFideId "24164798"]
[BlackFideId "4199227"]
[EventDate "2011.10.14"]

1. e4 Nc6 2. d4 d5 3. e5 Bf5 4. Nf3 e6 5. c3 a5 6. Bd3 Bxd3 7. Qxd3 h6 8. O-O
Nge7 9. Na3 g5 10. Nc2 Ng6 11. g3 Be7 12. Nfe1 Qd7 13. Ng2 O-O-O 14. b4 a4 15.
Rb1 Rdf8 16. Qb5 Ncxe5 17. Qa5 Nf3+ 18. Kh1 Qc6 19. Nge3 f5 20. b5 Qb6 21. Qxa4
h5 22. c4 c5 23. cxd5 exd5 24. Nxd5 Qd6 25. Qa8+ Kd7 26. Qxb7+ Ke8 27. dxc5 Qd7
28. Qxd7+ Kxd7 29. Nxe7 Nxe7 30. Kg2 g4 31. Rd1+ Kc8 32. Nd4 Ne5 33. Ne6 Rf6 34.
Nf4 1-0

[Event "Chigorin Memorial Open"]
[Site "St Petersburg RUS"]
[Date "2011.10.21"]
[Round "8.125"]
[White "Stroganov, Anatoly"]
[Black "Khatenever, Feliks"]
[Result "0-1"]
[WhiteElo "1866"]
[BlackElo "1864"]
[WhiteFideId "4178955"]
[BlackFideId "4131800"]
[EventDate "2011.10.14"]

1. d4 d5 2. Nf3 Nf6 3. Nbd2 e6 4. e3 c5 5. b3 Nc6 6. Bb2 cxd4 7. exd4 Bd6 8. Bd3
Nb4 9. Be2 Qc7 10. c3 Nc6 11. O-O O-O 12. Re1 e5 13. dxe5 Nxe5 14. Bf1 Bg4 15.
h3 Nxf3+ 16. Nxf3 Bh5 17. Bd3 Rfe8 18. g4 Rxe1+ 19. Nxe1 Bg6 20. Bxg6 hxg6 21.
Qd3 Re8 22. Ng2 Bc5 23. Bc1 Ne4 24. Be3 Bxe3 25. Nxe3 Qf4 26. Nd1 Ng5 27. Kg2
Re5 28. a4 Ne6 29. Qg3 Qe4+ 30. Kh2 Nf4 31. Ne3 Ne2 32. Qg2 Qf4+ 33. Kh1 Nxc3
34. Rc1 d4 35. Nc4 Re2 36. Rf1 Ne4 37. Kg1 d3 38. Ne3 d2 39. Nd1 Ng5 40. Kh1 Re1
41. Ne3 Ne4 42. Kg1 Qxe3 43. fxe3 d1=Q 44. Rxe1 Qxe1+ 45. Kh2 Qxe3 46. b4 Qf2
47. Qxf2 Nxf2 48. Kg3 Nd3 49. b5 Nc5 50. a5 Nb3 51. b6 0-1

[Event "Chigorin Memorial Open"]
[Site "St Petersburg RUS"]
[Date "2011.10.22"]
[Round "9.1"]
[White "Lintchevski, Daniil"]
[Black "Khismatullin, Denis"]
[Result "1/2-1/2"]
[WhiteTitle "GM"]
[BlackTitle "GM"]
[WhiteElo "2558"]
[BlackElo "2635"]
[WhiteFideId "4171055"]
[BlackFideId "4142578"]
[EventDate "2011.10.14"]

1. e4 e5 2. Nf3 Nc6 3. Nc3 Nf6 4. d4 exd4 5. Nxd4 Bb4 6. Nxc6 bxc6 7. Bd3 d5 8.
exd5 cxd5 9. O-O O-O 10. Bg5 c6 11. Qf3 Bd6 12. Ne2 Bg4 13. Bxf6 Bxf3 14. Bxd8
Bxe2 15. Bxe2 Rfxd8 16. Bd3 a5 17. a4 g6 18. Rfe1 Rab8 19. b3 Bb4 20. Re2 Bd6
21. Ree1 Bb4 22. Re2 Bd6 23. Ree1 Bb4 1/2-1/2

[Event "Chigorin Memorial Open"]
[Site "St Petersburg RUS"]
[Date "2011.10.22"]
[Round "9.2"]
[White "Bocharov, Dmitry"]
[Black "Maiorov, Nikita1"]
[Result "1-0"]
[WhiteTitle "GM"]
[BlackTitle "GM"]
[WhiteElo "2582"]
[BlackElo "2558"]
[WhiteFideId "4138716"]
[BlackFideId "13501720"]
[EventDate "2011.10.14"]

1. d4 Nf6 2. c4 e6 3. Nf3 b6 4. Nc3 Bb4 5. Bg5 h6 6. Bh4 g5 7. Bg3 Ne4 8. Qc2
Bb7 9. Nd2 Bxc3 10. bxc3 Nxg3 11. hxg3 d6 12. e3 Nd7 13. Rh2 Qe7 14. Be2 Nf6 15.
Bf3 c5 16. a4 Qc7 17. a5 bxa5 18. Qa4+ Ke7 19. Nb3 Bxf3 20. gxf3 h5 21. Nxa5 Nd7
22. Nc6+ Kf6 23. d5 Ne5 24. Nxe5 Kxe5 25. Ke2 Kf6 26. Rah1 Qb6 27. dxe6 fxe6 28.
Rxh5 Rxh5 29. Rxh5 Qb2+ 30. Kf1 Qb7 31. Qd1 Qa6 32. Qd3 Rg8 33. Rh6+ Kf7 34. Qe4
Qc8 35. f4 g4 36. f5 Rh8 37. Qxe6+ Qxe6 38. fxe6+ 1-0

[Event "Chigorin Memorial Open"]
[Site "St Petersburg RUS"]
[Date "2011.10.22"]
[Round "9.3"]
[White "Onischuk, Vladimir"]
[Black "Smirnov, Pavel"]
[Result "1/2-1/2"]
[WhiteTitle "IM"]
[BlackTitle "GM"]
[WhiteElo "2483"]
[BlackElo "2580"]
[WhiteFideId "14114038"]
[BlackFideId "4123425"]
[EventDate "2011.10.14"]

1. e4 e5 2. Nf3 Nc6 3. Bb5 a6 4. Ba4 Nf6 5. O-O Be7 6. Re1 b5 7. Bb3 d6 8. c3
O-O 9. h3 Re8 10. Ng5 Rf8 11. Nf3 Bb7 12. d4 Re8 13. Ng5 Rf8 14. Nf3 Re8 15. Ng5
Rf8 16. Nf3 Re8 1/2-1/2